El libro de Jesús 5 / (Registro nro. 12764)

Detalles MARC
000 -LIDER
fixed length control field 00852nam a22002537a 4500
003 - IDENTIFICACDOR DE NÚMERO DE CONTROL
control field DO-SdBNP
005 - DATE AND TIME OF LATEST TRANSACTION
control field 20171206113337.0
008 - ELEMENTOS DE LONGITUD FIJA
fixed length control field 161107b 200u sp a 00| 0 spa d
020 ## - ISBN
International Standard Book Number 8434857510 (ediciones SM)
020 ## - ISBN
International Standard Book Number 8428814600 (PPC)
040 ## - FUENTE DE CATALOGACIÓN
Agencia que crea de manera original el registro BPMSU
Idioma de catalogación spa
Agencia que realiza la transcripción BPMSU
082 ## - NÚMERO DE CLASIFICACIÓN DECIMAL DE DEWEY
Classification number xxxx
Item number xxx
100 1# - ASIENTO PRINCIPAL -- NOMBRE PERSONAL
Nombre personal García de Dios, Joaquín María
245 13 - MENCIÓN DE TITULO
Título El libro de Jesús 5 /
Subtítulo primaria
Mención de responsabilidad Joaquín María García de Dios, María Menéndez Ponte ; ilustrado por Fuencisla del Amo, Francisco Solé
260 ## - PUBLICACIÓN, DISTRIBUCIÓN, ETC. (PIE DE IMPRENTA)
Lugar de publicación, distribución, etc Madrid:
Nombre del editor, distribuidor, etc. SM,
-- PPC,
Fecha de publicación, distribución, etc [200-].
300 ## - DESCRIPCIÓN FÍSICA
Extensión 61 p. :
Otros detalles físicos il. ;
Dimensiones 23 cm.
500 ## - NOTA GENERAL
Nota general Libro de pasta dura.
700 12 - ASIENTO SECUNDARIO -- NOMBRE PERSONAL
Nombre personal Menéndez Ponte, María
700 12 - ASIENTO SECUNDARIO -- NOMBRE PERSONAL
Nombre personal Amo, Fuencisla del
Mención de responsabilidad il.
700 12 - ASIENTO SECUNDARIO -- NOMBRE PERSONAL
Nombre personal Solé, Francisco
Mención de responsabilidad il.
942 ## - ADDED ENTRY ELEMENTS (KOHA)
Source of classification or shelving scheme Dewey Decimal Classification
Koha item type Libros
945 ## - INFORMACIÓN DE PROCESAMIENTO LOCAL
Información de procesamiento local inventariado extranjero / DG
956 ## - LOCAL ELECTRONIC LOCATION AND ACCESS (OCLC)
Nombre de host YLOCKWARD
Método de acceso 10
Enlace BPMSU
Campo enlazado y núm. de secuencia 000144
Existencias
Withdrawn status Lost status Source of classification or shelving scheme Damaged status Not for loan Collection code Home library Current library Date acquired Source of acquisition Total Checkouts Full call number Barcode Date last seen Price effective from Koha item type
    Dewey Decimal Classification     Colección Infantil General Biblioteca Pública Metropolitana Salomé Ureña Biblioteca Pública Metropolitana Salomé Ureña 11/03/2017 Sin sellar   xxxx xxx BPMSU17110047 11/03/2017 11/03/2017 Libros